[Event "Clarin"]
[Site "Buenos Aires"]
[Date "1978.??.??"]
[Round "2"]
[White "Dzindzichashvili, Roman"]
[Black "Quinteros, Miguel A"]
[Result "1/2-1/2"]
[WhiteElo "2550"]
[BlackElo "2480"]

1.d4 Nf6 2.c4 g6 3.Nc3 Bg7 4.g3 O-O 5.Bg2 d6 6.d5 c5 7.Nf3 e6 8.O-O exd5
9.cxd5 Re8 10.Nd2 a6 11.a4 Nbd7 12.Nc4 Nb6 13.Na3 Rb8 14.a5 Na8 15.Nc4 b5
16.axb6 Nxb6 17.Na5 Qc7 18.Nc6 Ra8 19.e4 Nfd7 20.f4 Nb8 21.Na5 Bd7 22.Re1 Bb5
23.Be3 N8d7 24.e5 c4 25.Nc6 Bf8 26.e6 fxe6 27.Nxb5 axb5 28.Rxa8 Nxa8 29.dxe6 Nf6
30.Bd4 d5 31.Bxf6 Qxc6 32.Bxd5 Qc5+ 33.Kg2 Nc7 34.Bf3 Rxe6 35.Rxe6 Nxe6 36.Qd7 Qf5
37.Bd5 Qxf6 38.Qxe6+  1/2-1/2

[Event "Clarin"]
[Site "Buenos Aires"]
[Date "1978.??.??"]
[Round "5"]
[White "Gheorghiu, Florin"]
[Black "Dzindzichashvili, Roman"]
[Result "1-0"]
[WhiteElo "2520"]
[BlackElo "2550"]

1.d4 g6 2.c4 Bg7 3.Nc3 d6 4.e4 e5 5.dxe5 dxe5 6.Qxd8+ Kxd8 7.f4 f6 8.fxe5 fxe5
9.Bg5+ Bf6 10.Nf3 Nd7 11.Nd5 h6 12.Bxf6+ Ngxf6 13.Nxf6 Nxf6 14.Nxe5 Rg8 15.O-O-O+ Ke7
16.Bd3 Ng4 17.Nxg4 Bxg4 18.Rde1 Rad8 19.Kc2 Rgf8 20.Rhf1 c5 21.Kc3 g5 22.e5 b6
23.h3 Be6 24.g4 Rxf1 25.Rxf1 h5 26.gxh5 Rh8 27.Bg6 Bxh3 28.Rg1 g4 29.Kd3 Rd8+
30.Ke4 Rd4+ 31.Ke3 Ke6 32.h6 Kxe5 33.h7 Rd8 34.Be4 Kf6 35.Rd1 Re8 36.Kf4 Kg7
37.Rd7+ Kh8 38.Bg6 Rf8+ 39.Kg3 Bf1 40.b3 Be2 41.Rxa7 Rb8 42.Rd7 Bf3 43.Rd6 Kg7
44.Bf5 Kh8 45.Kh4 Kg7 46.Rg6+ Kh8 47.Kg5  1-0

[Event "Clarin"]
[Site "Buenos Aires"]
[Date "1978.??.??"]
[Round "6"]
[White "Dzindzichashvili, Roman"]
[Black "Vaganian, Rafael A"]
[Result "1/2-1/2"]
[WhiteElo "2550"]
[BlackElo "2555"]

1.c4 Nf6 2.Nc3 c5 3.g3 e6 4.Nf3 d5 5.cxd5 Nxd5 6.Bg2 Nc6 7.O-O Be7 8.Nxd5 exd5
9.d4 O-O 10.dxc5 Bxc5 11.a3 Bf5 12.b4 Bb6 13.Bb2 Be4 14.Rc1 Qe7 15.Qd2  1/2-1/2

[Event "Clarin"]
[Site "Buenos Aires"]
[Date "1978.??.??"]
[Round "8"]
[White "Keene, Raymond D"]
[Black "Dzindzichashvili, Roman"]
[Result "1/2-1/2"]
[WhiteElo "2480"]
[BlackElo "2550"]

1.d4 Nf6 2.c4 d6 3.Nc3 Bf5 4.f3 e5 5.e4 exd4 6.Qxd4 Nc6 7.Qd2 Be6 8.b3 Be7
9.Bb2 O-O 10.Bd3 Nd7 11.Nge2 Bh4+ 12.Ng3 Nc5  1/2-1/2

[Event "Clarin"]
[Site "Buenos Aires"]
[Date "1978.??.??"]
[Round "9"]
[White "Dzindzichashvili, Roman"]
[Black "Torre, Eugenio"]
[Result "1-0"]
[WhiteElo "2550"]
[BlackElo "2490"]

1.Nf3 c5 2.c4 g6 3.d4 Bg7 4.e4 Nc6 5.d5 Nd4 6.Nxd4 cxd4 7.Na3 Qb6 8.Bd3 d6
9.c5 Qxc5 10.Bb5+ Kf8 11.O-O Nf6 12.Bd3 Ng4 13.Nc4 Ne5 14.Nxe5 Bxe5 15.Bh6+ Bg7
16.Qd2 Qb6 17.a4 a5 18.Bb5 e5 19.Qg5 Kg8 20.Qe7 Bd7 21.Bxg7  1-0

[Event "Clarin"]
[Site "Buenos Aires"]
[Date "1978.??.??"]
[Round "11"]
[White "Dzindzichashvili, Roman"]
[Black "Browne, Walter S"]
[Result "0-1"]
[WhiteElo "2550"]
[BlackElo "2550"]

1.c4 Nf6 2.Nc3 c5 3.g3 d5 4.cxd5 Nxd5 5.Bg2 Nxc3 6.bxc3 g6 7.Rb1 Qc7 8.Qa4+ Nd7
9.Nf3 Bg7 10.O-O O-O 11.d4 Nb6 12.Qa5 cxd4 13.cxd4 Be6 14.Ba3 Qd7 15.Bc5 Nd5
16.Qd2 b6 17.Ba3 Rac8 18.Rbc1 Qa4 19.Qb2 Bh6 20.Rxc8 Rxc8 21.e4 Nc3 22.d5 Bg4
23.Ne5 Bc1 24.Qb3 Qxb3 25.axb3 Bxa3 26.Nxg4 Ne2+ 27.Kh1 Nd4 28.Ne5 Nxb3 29.Nc6 a5
30.e5 Rc7 31.Rd1 a4 32.Bf1 Bb2 33.Bb5 a3 34.d6 exd6 35.exd6 Rxc6 36.Bxc6 a2
37.d7 Bf6 38.d8=Q+ Bxd8 39.Rxd8+ Kg7 40.Ra8 Na5  0-1

[Event "Clarin"]
[Site "Buenos Aires"]
[Date "1978.??.??"]
[Round "12"]
[White "Panno, Oscar"]
[Black "Dzindzichashvili, Roman"]
[Result "1-0"]
[WhiteElo "2580"]
[BlackElo "2550"]

1.Nf3 Nf6 2.g3 g6 3.b3 Bg7 4.Bb2 d6 5.Bg2 e5 6.O-O e4 7.Ne1 O-O 8.c4 Re8
9.d3 e3 10.f3 d5 11.Nc2 c5 12.cxd5 Nxd5 13.Bxg7 Kxg7 14.d4 Nb4 15.Nxb4 cxb4
16.a3 Be6 17.f4 Nc6 18.d5 Qf6 19.Ra2 Rad8 20.f5 Bxd5 21.Bxd5 Qe5 22.fxg6 Rxd5
23.Qe1 hxg6 24.axb4 Red8 25.Qc3 Nd4 26.Qb2 Rc8 27.Na3 b5 28.Rf4 g5 29.Rf1 f5
30.Qb1 Rd6 31.Qa1 Kg6 32.Qb1 Rdc6 33.Qa1 Rc3 34.Rd1 Nxb3 35.Qb1 Nd2 36.Qa1 f4
37.Nb1 Nxb1 38.Qxb1+ Kf6 39.Ra6+ R8c6 40.Rxa7  1-0

[Event "Hoogovens"]
[Site "Wijk aan Zee"]
[Date "1979.??.??"]
[Round "1"]
[White "Garcia, Gildardo"]
[Black "Dzindzichashvili, Roman"]
[Result "0-1"]
[WhiteElo "2490"]
[BlackElo "2595"]

1.c4 Nf6 2.Nc3 c5 3.Nf3 Nc6 4.g3 d5 5.cxd5 Nxd5 6.Bg2 g6 7.Qb3 e6 8.O-O Bg7
9.Qc4 b6 10.d3 O-O 11.Bg5 Qd7 12.Rac1 Bb7 13.Qh4 Nde7 14.g4 f6 15.Bd2 e5
16.Ne4 Nd5 17.Bh3 Rae8 18.a3 Nd8 19.Rfd1 Ne6 20.e3 Rd8 21.Qg3 Kh8 22.g5 f5
23.Nxe5 Qe7 24.Nf6 Nxf6 25.gxf6 Bxf6 26.Bc3 Ng7 27.Bg2 Bxg2 28.Kxg2 Nh5 29.Nc6 Qe8
30.Qf3 Rd6 31.Nxa7 Bxc3 32.Rxc3 Rf7 33.d4 Rxa7 34.dxc5 Rxd1 35.Qxd1 bxc5
36.Rxc5 Nf6 37.Qc1 Qe4+ 38.f3 Qd3 39.Kf2 Qd6 40.Qc3 Qxh2+  0-1

[Event "Lone Pine"]
[Site "Lone Pine"]
[Date "1980.??.??"]
[Round "2"]
[White "Dzindzichashvili, Roman"]
[Black "Root, Douglas"]
[Result "0-1"]
[WhiteElo "2570"]
[BlackElo "2360"]

1.Nf3 Nf6 2.g3 g6 3.b3 Bg7 4.Bb2 b6 5.Bg2 Bb7 6.O-O O-O 7.c4 c5 8.Nc3 d6
9.e3 Nbd7 10.d4 a6 11.d5 b5 12.Nd2 Nb6 13.Qc2 Qc7 14.e4 b4 15.Ne2 a5 16.a4 e5
17.dxe6 fxe6 18.Nf4 Rfe8 19.e5 dxe5 20.Bxb7 Qxb7 21.Bxe5 Nbd7 22.Bb2 e5 23.Ng2 e4
24.Rfe1 Ne5 25.Bxe5 Rxe5 26.Re2 Rae8 27.Rae1 R5e7 28.Nf4 Bh6 29.Ng2 Bxd2
30.Rxd2 Ng4 31.Red1 Ne5 32.Ne1 Nc6 33.Ng2 Nd4 34.Rxd4 cxd4 35.Rxd4 Rd7 36.Rxd7 Qxd7
37.Nf4 e3 38.fxe3 Rxe3 39.Nd5 Re1+ 40.Kf2 Re6 41.Qd3 Qg7 42.Kg2 Qb2+ 43.Kh3 Qe2
44.Qd4 Qh5+ 45.Qh4 Qxh4+ 46.Kxh4 Kf7  0-1

[Event "Lone Pine"]
[Site "Lone Pine"]
[Date "1980.??.??"]
[Round "5"]
[White "Biyiasas, Peter"]
[Black "Dzindzichashvili, Roman"]
[Result "0-1"]
[WhiteElo "2485"]
[BlackElo "2570"]

1.Nf3 c5 2.g3 Nc6 3.Bg2 g6 4.O-O Bg7 5.c3 e5 6.e4 Nge7 7.d3 O-O 8.Be3 d6
9.Nfd2 Be6 10.c4 f5 11.f3 Qd7 12.Nc3 f4 13.Bf2 h5 14.Nd5 g5 15.Nb1 Ng6 16.Nbc3 Rf7
17.Kh1 Raf8 18.Ne2 g4 19.Ng1 fxg3 20.hxg3 h4 21.Kh2 Nd4 22.Bxd4 hxg3+ 23.Kxg3 Qd8
24.Kf2 exd4 25.Ke1 Bxd5 26.cxd5 Qh4+ 27.Kd2 Nf4  0-1

[Event "Lone Pine"]
[Site "Lone Pine"]
[Date "1980.??.??"]
[Round "9"]
[White "Alburt, Lev O"]
[Black "Dzindzichashvili, Roman"]
[Result "0-1"]
[WhiteElo "2515"]
[BlackElo "2570"]

1.c4 Nf6 2.Nc3 e6 3.e4 d5 4.e5 Ne4 5.Nf3 Nc6 6.cxd5 exd5 7.Bb5 Bc5 8.O-O O-O
9.Qa4 Nxc3 10.dxc3 Bd7 11.Bg5 Be7 12.Bxe7 Qxe7 13.Rfe1 Qe6 14.Rad1 a6 15.Bxc6 Bxc6
16.Qb3 Rfe8 17.Re3 Rad8 18.Rd4 h6 19.h3 b6 20.Qd1 Bb7 21.Nh4 f6 22.Rg4 g5
23.exf6 Qxf6 24.Rxe8+ Rxe8 25.Nf3 Re4 26.Rxe4 dxe4 27.Nd4 Kf7 28.Qh5+ Kf8
29.Qg4 Ke7 30.Qe2 c5 31.Nc2 Qe6 32.Ne3 Qxa2 33.Nf5+ Kd7 34.Nxh6 Qd5 35.Ng4 Kc7
36.Qe3 Kb8 37.Nf6 Qf5 38.Qg3+ Ka7 39.Ne8 e3 40.Qxe3 Qb1+ 41.Kh2 Qxb2 42.Nd6 Qb3
43.Qxg5 Qe6 44.Qd8 Qe5+ 45.g3 Qe2 46.Qf8 Bf3 47.Qf7+ Kb8 48.Qg8+ Kc7 49.Ne8+ Kc6
50.Qg6+ Kb5 51.Qb1+ Ka4 52.Kg1 Qxe8 53.Qa2+ Kb5 54.c4+ Kc6 55.Qa4+ b5 56.Qxa6+ Kc7
57.Qa5+ Kb7 58.cxb5 Qg6 59.Kh2 c4 60.Qa3 Bd5 61.h4 Qf6 62.f4 c3 63.Qc5 Qe6
64.f5 Qe2+ 65.Kh3 Bg2+ 66.Kh2 Bf3+  0-1

[Event "New York MCC"]
[Site "New York"]
[Date "1980.??.??"]
[Round "1"]
[White "Dzindzichashvili, Roman"]
[Black "Alburt, Lev O"]
[Result "1/2-1/2"]
[WhiteElo "2570"]
[BlackElo "2515"]

1.g3 c5 2.Bg2 d5 3.Nf3 Nc6 4.O-O e5 5.d3 Be7 6.e4 Nf6 7.Nc3 d4 8.Ne2 h5 9.Nh4 Ng8
10.Nf5 Bf6  1/2-1/2

[Event "New York MCC"]
[Site "New York"]
[Date "1980.??.??"]
[Round "2"]
[White "Peters, John A"]
[Black "Dzindzichashvili, Roman"]
[Result "1/2-1/2"]
[WhiteElo "2465"]
[BlackElo "2570"]

1.d4 Nf6 2.c4 e6 3.Nf3 b6 4.e3 Bb7 5.Bd3 d5 6.O-O Nbd7 7.b3 Bd6 8.Bb2 O-O
9.Nc3 a6 10.Qc2 dxc4 11.bxc4 Bxf3 12.gxf3 e5 13.Ne4 Nxe4 14.Bxe4 Qh4 15.Bxa8 e4
16.f4  1/2-1/2

[Event "New York Inv"]
[Site "New York"]
[Date "1980.??.??"]
[Round "3"]
[White "Gruchacz, Robert"]
[Black "Dzindzichashvili, Roman"]
[Result "1/2-1/2"]
[WhiteElo "2365"]
[BlackElo "2570"]

1.e4 e5 2.Nf3 Nc6 3.Bb5 Nge7 4.O-O Ng6 5.d4 exd4 6.Nxd4 Bc5 7.Nf5 O-O 8.Qh5 d6
9.Bg5 f6 10.Be3 Bxe3 11.Nxe3 Be6 12.Nc3 Qd7 13.f4 Bf7 14.Qf3 Rfe8 15.Rad1 a6
16.Be2 b5 17.a3 Nce7 18.Qg3 Qc6 19.Kh1 Rad8 20.Rd2 Qc5 21.Ng4 Kh8 22.f5 Ne5
23.Nxe5 dxe5 24.Rfd1 Rd6 25.Rxd6 cxd6 26.Qd3 Rd8 27.Bf3 Bc4 28.Qd2 a5 29.g4 b4
30.axb4 axb4 31.Na4 Qa5 32.b3 Bf7 33.g5 Ng8 34.Rg1 d5 35.Qg2 g6 36.fxg6 Bxg6
37.exd5 f5 38.Qg3 Qc7 39.d6 Qg7 40.Rd1 f4 41.Qg2 e4 42.Bxe4 Rxd6 43.Rf1 Qe5
44.Bxg6 Rxg6 45.Qf3 Qxg5 46.c3  1/2-1/2

[Event "New York MCC"]
[Site "New York"]
[Date "1980.??.??"]
[Round "4"]
[White "Zapata, Alonso"]
[Black "Dzindzichashvili, Roman"]
[Result "0-1"]
[WhiteElo "2410"]
[BlackElo "2570"]

1.e4 d5 2.exd5 Nf6 3.d4 Nxd5 4.Nf3 Bg4 5.Be2 Nc6 6.O-O e6 7.c4 Nb6 8.Be3 Bxf3
9.Bxf3 Nxc4 10.Qa4 Nb6 11.Bxc6+ bxc6 12.Qxc6+ Qd7 13.Rc1 Qxc6 14.Rxc6 Kd7
15.Rc2 Bb4 16.a3 Bd6 17.Nc3 Rhb8 18.Rac1 a5 19.Rd1 c6 20.Rdc1 Ra6 21.Bg5 a4
22.Bh4 Nd5 23.Nd1 f5 24.f3 Rb3 25.Bf2 Bf4 26.Ra1 g5 27.h3 h5 28.Kf1 h4 29.Be1 Rab6
30.Bc3 Kd6 31.Ke2 Nxc3+ 32.bxc3 c5 33.dxc5+ Kxc5 34.Raa2 Rd6 35.Nb2 Kb5 36.c4+ Kc6
37.Nxa4 Re3+ 38.Kf2 Rdd3 39.Ra1 Bg3+ 40.Kf1 Rxa3 41.Rcc1 Be5 42.Rxa3 Rxa3
43.Re1 Bd4 44.Rxe6+ Kc7 45.Ra6 Ra2 46.c5 Rf2+ 47.Ke1 Rxg2 48.Rg6 Be3 49.Re6 Bd4
50.Rg6 Rc2 51.Nb6 Rxc5 52.Kd2 Be5 53.Kd3 Rb5 54.Na4 Rb3+ 55.Kc4 Rxf3 56.Rxg5 Kd6
57.Rg6+ Ke7 58.Kd5 Bf6 59.Rh6 Rd3+ 60.Kc6 Kf7 61.Nc5 Rc3 62.Rh7+ Kg6 63.Rd7 Rxh3
64.Rd1 Re3 65.Nd3 Kg5 66.Kd5 Kg4 67.Kc4 Re4+ 68.Kb3 Bd4  0-1

[Event "New York MCC"]
[Site "New York"]
[Date "1980.??.??"]
[Round "5"]
[White "Dzindzichashvili, Roman"]
[Black "Fedorowicz, John P"]
[Result "1/2-1/2"]
[WhiteElo "2570"]
[BlackElo "2420"]

1.e4 c5 2.Nf3 d6 3.d4 cxd4 4.Qxd4 Bd7 5.c4 Nc6 6.Qd2 Nf6 7.Nc3 g6 8.b3 Bg7
9.Bb2 O-O 10.Be2 Qa5 11.Nd5 Qxd2+ 12.Nxd2 Nxd5 13.Bxg7  1/2-1/2

[Event "New York Inv"]
[Site "New York"]
[Date "1980.??.??"]
[Round "5"]
[White "Mednis, Edmar John"]
[Black "Dzindzichashvili, Roman"]
[Result "1/2-1/2"]
[WhiteElo "2485"]
[BlackElo "2570"]

1.e4 c5 2.Nf3 e6 3.d4 cxd4 4.Nxd4 a6 5.Bd3 Nf6 6.O-O d6 7.c4 Be7 8.Nc3 O-O
9.Kh1 Nc6 10.Be3 Nxd4 11.Bxd4 Bd7 12.f4 Bc6 13.Qe2 Nd7 14.Rad1 e5 15.fxe5 dxe5
16.Be3 a5 17.Nd5 Bc5 18.Bc1 g6 19.Bh6 Re8 20.Qf3 f6 21.Qg3 Bf8 22.Be3 Bxd5
23.cxd5 Bd6 24.Qg4 Kg7 25.Rf3 h5 26.Qg3 Nc5 27.Bc2 Rc8 28.Rdf1 Be7 29.Qf2 Qd6
30.Rg3 Kh7 31.Rh3 Kg7 32.Rg3 Kf7 33.Rf3 Kg7 34.Rg3  1/2-1/2

[Event "New York MCC"]
[Site "New York"]
[Date "1980.??.??"]
[Round "6"]
[White "Valvo, Michael J"]
[Black "Dzindzichashvili, Roman"]
[Result "1/2-1/2"]
[WhiteElo "2465"]
[BlackElo "2570"]

1.e4 c5 2.Nf3 e6 3.d4 cxd4 4.Nxd4 a6 5.Bd3 Nf6 6.O-O d6 7.c4 Be7 8.Nc3 O-O
9.Be3 Nc6 10.Rc1 Bd7 11.b3 b5 12.cxb5 Nxd4 13.Bxd4 axb5 14.Nxb5 Bxb5 15.Bxb5 Rxa2
16.Bd3  1/2-1/2

[Event "New York Inv"]
[Site "New York"]
[Date "1980.??.??"]
[Round "7"]
[White "Dzindzichashvili, Roman"]
[Black "Chandler, Murray G"]
[Result "0-1"]
[WhiteElo "2570"]
[BlackElo "2450"]

1.g3 Nf6 2.Bg2 c5 3.Nf3 Nc6 4.O-O d5 5.d3 g6 6.Nc3 d4 7.Na4 Nd7 8.c4 Bg7
9.a3 O-O 10.Rb1 a5 11.Bd2 e5 12.b4 axb4 13.axb4 cxb4 14.Bxb4 Nxb4 15.Rxb4 Qa5
16.Qb3 Re8 17.Nb6 Nxb6 18.Rxb6 e4 19.dxe4 Rxe4 20.Ng5 Re5 21.Ne4 Ra6 22.Rd6 Rxd6
23.Nxd6 Be6 24.Qxb7 Qd8 25.Ne4 Bxc4 26.Rc1 Rb5 27.Qc6 Bxe2 28.h4 Rb6 29.Qa4 d3
30.Kh2 Rb8 31.Nd2 Qd4 32.Rc4 Qxf2 33.Rf4 Qe3 34.Qd7 Qxd2 35.Rxf7 Qc3 36.Re7 Rf8
37.Re8 Qf6 38.Re6 Qf2 39.Re7 Qd4 40.Bd5+ Kh8  0-1

[Event "New York Inv"]
[Site "New York"]
[Date "1980.??.??"]
[Round "8"]
[White "Burger, Karl"]
[Black "Dzindzichashvili, Roman"]
[Result "1-0"]
[WhiteElo "2335"]
[BlackElo "2570"]

1.d4 Nf6 2.Nf3 d6 3.c4 Nbd7 4.Nc3 e5 5.g3 c6 6.Bg2 e4 7.Nh4 d5 8.cxd5 cxd5
9.Qa4 Be7 10.Nf5 O-O 11.Nxe7+ Qxe7 12.b3 Nb6 13.Qa5 Re8 14.Ba3 Qd8 15.Nb5 e3
16.f3 Be6 17.Rc1 Bd7 18.Nd6 Nc8 19.Qxd8 Rxd8 20.Nxb7 Re8 21.Rc7 Bb5 22.Bh3 a5
23.Rc5 Ba6 24.Nxa5 Nb6 25.Bb4 Nbd7 26.Rc2 Nf8 27.O-O Ne6 28.Bxe6 Rxe6 29.Rfc1 g5
30.g4 h5 31.h3 Kg7 32.Kg2 Rh8 33.Be1 Nd7 34.Bg3 Nf8 35.a4 hxg4 36.hxg4 Reh6
37.b4 Ne6 38.b5 Nf4+ 39.Bxf4 gxf4 40.Rg1 Rh2+ 41.Kf1 Bc8 42.b6 Rf2+ 43.Ke1 Rg2
44.Rf1 Bxg4 45.b7 Bxf3 46.Nc6 Be4 47.Rc3 Rhh2 48.b8=Q Rxe2+ 49.Kd1 Rd2+ 50.Kc1 Ra2
51.Rg1+ Bg6 52.Rxg6+ Kxg6 53.Kb1 Rag2 54.Ne5+ Kg7 55.Qc7  1-0

[Event "New York MCC"]
[Site "New York"]
[Date "1980.??.??"]
[Round "10"]
[White "Dzindzichashvili, Roman"]
[Black "Coudari, Camille"]
[Result "1-0"]
[WhiteElo "2570"]
[BlackElo "2325"]

1.d4 Nf6 2.c4 e6 3.Nf3 Bb4+ 4.Nbd2 b6 5.a3 Be7 6.e4 Bb7 7.Bd3 d6 8.Qe2 a5
9.e5 dxe5 10.dxe5 Nfd7 11.O-O Nc6 12.Rd1 a4 13.Bc2 Ra5 14.Nf1 Qc8 15.Bd2 Ra8
16.Ng3 h6 17.Bc3 Nc5 18.Nh5 Kf8 19.Nd4 g6 20.Nf6 Kg7 21.Nb5 Na5 22.Re1 Bc6
23.Qg4 Qb7 24.Re3 h5 25.Qf4 Nxc4 26.Qxc4 Qa6 27.Qf4 Qxb5 28.Rg3 Qe2 29.Bd1 Qb5
30.Nxh5+ Kf8 31.Rxg6 Nd3 32.Qg4 fxg6 33.Qxg6 Rg8 34.Qh6+ Ke8 35.Ng7+ Kd8
36.Bg4 Rxg7 37.Qxg7 Bd5 38.Rd1 c5 39.Qg6 Nf4 40.Qf7 Ne2+ 41.Kh1 Nd4 42.Bxd4 cxd4
43.Bxe6 Bxe6 44.Qxe6 Qc5 45.Qg8+ Bf8 46.Qg5+ Be7 47.Qf4 Rc8 48.Rxd4+ Ke8
49.Rd1 Qc4 50.Qf5 Rd8 51.Qh5+ Kf8 52.Qh6+ Kf7 53.Rc1 Qd4 54.e6+ Kg8 55.Qg6+ Qg7
56.Qc2 b5 57.g3 Bf6 58.Qe2 Bxb2 59.e7 Re8 60.Qxb5 Rxe7 61.Rc8+ Kh7 62.Rc4 Qe5
63.Rh4+ Kg7 64.Qd3 Qe6 65.Qb5 Qe2 66.Qg5+ Kf8 67.Kg2 Rf7 68.Qd8+ Qe8 69.Qxe8+ Kxe8
70.Rxa4 Rd7 71.Re4+ Kf7 72.a4 Rd5 73.h4 Kg6 74.Kh3 Bf6 75.Rb4 Rd3 76.Kg4 Bd4
77.f3 Be3 78.Rc4 Bd2 79.Rc6+ Kg7 80.Rc2 Rd4+ 81.f4 Ba5 82.Ra2 Rd3 83.Re2 Rd4
84.Kf5 Rxa4 85.Re7+ Kf8 86.Ra7 Ra1 87.g4 Bc3 88.Rxa1 Bxa1 89.Kg6 Ke8 90.f5 Bd4
91.f6 Bf2 92.h5 Bg3 93.f7+ Kf8 94.Kh7  1-0

[Event "New York Inv"]
[Site "New York"]
[Date "1980.??.??"]
[Round "10"]
[White "Matera, Salvatore"]
[Black "Dzindzichashvili, Roman"]
[Result "1/2-1/2"]
[WhiteElo "2410"]
[BlackElo "2570"]

1.d4 Nf6 2.c4 e6 3.Nf3 b6 4.Bf4 Bb7 5.e3 Bb4+ 6.Nbd2 O-O 7.Bd3 d5 8.O-O Nbd7
9.Rc1 Bd6 10.Ne5 Ne4 11.cxd5 exd5 12.Nxd7 Qxd7 13.Bxd6 cxd6 14.Nb1 Rac8 15.Nc3 Rc7
16.Bb5 Qc8 17.Nxe4 dxe4 18.Qd2 d5 19.Rxc7 Qxc7 20.Rc1 Qb8 21.Rc3 Rc8 22.Rxc8+ Qxc8
23.Qc3 Qxc3 24.bxc3 Kf8 25.Kf1 Ke7 26.Ke1 Kd6 27.Kd2 Bc6 28.Be2 a5 29.c4  1/2-1/2

[Event "New York Inv"]
[Site "New York"]
[Date "1980.??.??"]
[Round "11"]
[White "Dzindzichashvili, Roman"]
[Black "Zaltsman, Vitaly F"]
[Result "1-0"]
[WhiteElo "2570"]
[BlackElo "2460"]

1.g3 c5 2.Bg2 g6 3.Nf3 Bg7 4.O-O Nc6 5.d3 e5 6.c4 Nge7 7.Nc3 O-O 8.Ne1 a6
9.Nc2 Rb8 10.a4 b6 11.Bg5 h6 12.Bxe7 Nxe7 13.b4 d6 14.Rb1 Be6 15.Ne3 Qd7
16.Ned5 Nxd5 17.Bxd5 Bg4 18.Qc2 Qa7 19.Rb3 a5 20.bxc5 bxc5 21.Rb5 Bd7 22.Rfb1 Bxb5
23.cxb5 Kh7 24.Ne4 f5 25.Nd2 c4 26.Qxc4 Rfc8 27.Bc6 d5 28.Qxd5 Rd8 29.b6 Qa6
30.Qb3 Qc8 31.Bd5 Qc5 32.e4 fxe4 33.dxe4 Rf8 34.Qe3 Qxe3 35.fxe3 Rfc8 36.Nc4 Rc5
37.b7 Bf6 38.Nb6 Rc7 39.Rb5 Rcxb7 40.Bxb7 Rxb7 41.Nd5 Rf7  1-0

[Event "Lone Pine op"]
[Site "Lone Pine"]
[Date "1981.??.??"]
[Round "?"]
[White "Dzindzichashvili, Roman"]
[Black "Frias, Victor J"]
[Result "1/2-1/2"]
[WhiteElo "2490"]
[BlackElo "2390"]

1.e4 c5 2.Nf3 e6 3.d4 cxd4 4.Nxd4 Nf6 5.Nc3 d6 6.Be3 Be7 7.Bc4 O-O 8.Qe2 d5
9.exd5 exd5 10.Bb3 Nc6 11.O-O-O Re8 12.Ndb5 Bg4 13.f3 Bc5 14.Nxd5 Nxd5 15.Rxd5 Bxe3+
16.Kb1 Qf6 17.fxg4 Bc1 18.Qxe8+ Rxe8 19.Rxc1 Re5  1/2-1/2

[Event "Lone Pine op"]
[Site "Lone Pine"]
[Date "1981.??.??"]
[Round "?"]
[White "Dzindzichashvili, Roman"]
[Black "Brooks, Michael A"]
[Result "0-1"]
[WhiteElo "2490"]
[BlackElo "2300"]

1.Nf3 Nf6 2.d4 g6 3.c4 Bg7 4.Nc3 O-O 5.g3 d6 6.Bg2 Nbd7 7.O-O e5 8.e4 c6
9.Qc2 a5 10.Rd1 Re8 11.h3 exd4 12.Nxd4 Qe7 13.Bf4 Ne5 14.Na4 Nh5 15.Be3 Nd7
16.Nb3 c5 17.Nc3 Ne5 18.Nd5 Qd8 19.Nf4 Qe7 20.Nd5 Qd8 21.Rd2 a4 22.Nxc5 dxc5
23.Bxc5 Nd7 24.Ba3 Bf8 25.Bxf8 Nxf8 26.Qc3 Nd7 27.Rad1 Nhf6 28.c5 Nxd5 29.Rxd5 Qe7
30.f4 Ra6 31.Qd4 Rc6 32.Qxa4 Nxc5 33.Qd4 Qc7 34.e5 Ne6 35.Qe4 b6 36.Qe3 Bb7
37.Rd6 Rc2 38.R1d2 Bxg2 39.Kxg2 Rxd2+ 40.Qxd2 Rd8 41.Rxd8+ Qxd8 42.Qxd8+ Nxd8
43.Kf3 Kf8 44.Ke4 Ke7 45.Kd5 Kd7 46.b4 Ne6 47.a4 Nc7+ 48.Kd4 Kc6 49.g4 b5
50.axb5+ Nxb5+ 51.Kc4 Nc7 52.f5 gxf5 53.gxf5 Nb5 54.h4 h5 55.f6 Nc7 56.Kd4 Kb5
57.e6 Nxe6+ 58.Ke5 Nf8 59.Kf5 Nh7 60.Ke5 Kxb4 61.Kd6 Nxf6 62.Ke7 Ne4 63.Kxf7 Kc4  0-1

[Event "New York"]
[Site "New York"]
[Date "1983.??.??"]
[Round "2"]
[White "Murrey, Jacob"]
[Black "Dzindzichashvili, Roman"]
[Result "0-1"]
[WhiteElo "2500"]
[BlackElo "2460"]

1.c4 Nf6 2.Nc3 e5 3.Nf3 d6 4.d4 Nbd7 5.e4 Be7 6.Be2 O-O 7.O-O c6 8.h3 Re8
9.Be3 a6 10.Qc2 b5 11.b4 Bb7 12.Rfd1 Qc7 13.Rac1 exd4 14.Nxd4 Bf8 15.Qb3 c5
16.cxb5 cxd4 17.Bxd4 Qd8 18.Bc4 Qe7 19.bxa6 Bxa6 20.Nd5 Qxe4 21.Bxa6 Qxd5
22.Qxd5 Nxd5 23.Bb7 Nxb4 24.Rc7 Nc5 25.Bxa8 Rxa8 26.Bxc5 dxc5 27.a4 Na6 28.Rc6 g6
29.Rd7 h5 30.Rf6 c4 31.Rdxf7 Bg7 32.Rxg7+ Kxg7 33.Rc6 Nb4 34.Rxc4 Nd5 35.Rc5 Nf4
36.a5 Rb8 37.Rc1 Ne2+  0-1

[Event "New York"]
[Site "New York"]
[Date "1983.??.??"]
[Round "3"]
[White "Dzindzichashvili, Roman"]
[Black "Frias, Victor J"]
[Result "1-0"]
[WhiteElo "2460"]
[BlackElo "2440"]

1.Nf3 Nf6 2.d4 e6 3.c4 b6 4.g3 Ba6 5.Nbd2 Bb4 6.Qb3 c5 7.Bg2 Nc6 8.a3 Bxd2+
9.Bxd2 O-O 10.Qa4 Bb7 11.dxc5 Nd4 12.Be3 bxc5 13.Bxd4 cxd4 14.O-O Qb6 15.Qb4 Rfc8
16.Qxb6 axb6 17.b3 Bxf3 18.Bxf3 Ra7 19.Rfd1 e5 20.Bg2 Kf8 21.Rd3 Rc5 22.e3 dxe3
23.Rxe3 b5 24.cxb5 Rxb5 25.a4 Rb4 26.Rxe5 Rxb3 27.a5 d6 28.Re2 Rb5 29.a6 Rb6
30.Rc1 g6 31.Bb7 Kg7 32.Kg2 d5 33.Rc8 Ne4 34.Ra2 Rbxb7 35.axb7 Rxb7 36.Rd8 Nc3
37.Rc2 Rb3 38.Rc1 h5 39.Rd7 Kf6 40.Re1 Rb2 41.Ree7 Ne4 42.Rxf7+ Ke6 43.Rde7+ Kd6
44.Rb7 Ra2 45.Rb6+ Ke5 46.Rxg6 d4 47.Rg8 d3 48.Re8+ Kd5 49.Rd7+ Nd6 50.Red8  1-0

[Event "New York"]
[Site "New York"]
[Date "1983.??.??"]
[Round "6"]
[White "Quinteros, Miguel A"]
[Black "Dzindzichashvili, Roman"]
[Result "1-0"]
[WhiteElo "2515"]
[BlackElo "2460"]

1.c4 e5 2.Nc3 Nf6 3.Nf3 Nc6 4.g3 d5 5.cxd5 Nxd5 6.Bg2 Nb6 7.O-O Be7 8.d3 O-O
9.a3 a5 10.Be3 Be6 11.Na4 Nd5 12.Bc5 Bd6 13.Rc1 h6 14.d4 e4 15.Ne5 f5 16.Bxd6 Qxd6
17.Nxc6 bxc6 18.Qc2 Nf6 19.e3 Bd5 20.Qd2 g5 21.Nc3 Rf7 22.f4 exf3 23.Bxf3 Qe6
24.Nxd5 cxd5 25.Rc5 c6 26.Rfc1 Ne4 27.Bxe4 fxe4 28.Rxc6 Qh3 29.Qg2 Qh5 30.Rf1 Rxf1+
31.Qxf1 Rf8 32.Qe1 Kg7 33.Rc5 Rb8 34.Qc1 Qf3 35.Rxa5 Rc8 36.Qd2 Rf8 37.Qe1 Rc8
38.Rc5 Rb8 39.b4 Ra8 40.Rc3 h5 41.Qf1 g4 42.Qxf3 exf3 43.b5 Rb8 44.a4 Ra8
45.Ra3 Rc8 46.Ra1 Rc2 47.b6 Rg2+ 48.Kh1 Rc2 49.a5 f2 50.Rf1  1-0

[Event "New York"]
[Site "New York"]
[Date "1983.??.??"]
[Round "7"]
[White "Dzindzichashvili, Roman"]
[Black "Gurevich, Dmitry"]
[Result "0-1"]
[WhiteElo "2460"]
[BlackElo "2470"]

1.d4 Nf6 2.c4 e6 3.Nc3 Bb4 4.e3 c5 5.Ne2 b6 6.a3 Ba5 7.Rb1 Qe7 8.Bd2 O-O
9.Ng3 Na6 10.Bd3 cxd4 11.exd4 Bxc3 12.bxc3 d5 13.O-O dxc4 14.Bxc4 Nc7 15.a4 Ba6
16.Bxa6 Nxa6 17.Bg5 h6 18.Bxf6 Qxf6 19.f4 Nc7 20.f5 Nd5 21.Qd3 exf5 22.Rxf5 Qg6
23.Rb5 Rad8 24.Qf3 Ne7 25.Rfe5 Rd7 26.Re2 f6 27.Nh5 Rc8 28.Qh3 f5 29.Nf4 Qc6
30.Rbe5 Qd6 31.Qe3 Rcc7 32.Re6 Qa3 33.Qe5 Qxc3 34.Nh5 Qc1+ 35.Re1 Qg5 36.Nf4 Nc6
37.Re8+ Kh7 38.Qe6 Qxf4 39.Qg8+ Kg6  0-1

[Event "New York op"]
[Site "New York"]
[Date "1984.??.??"]
[Round "3"]
[White "Dzindzichashvili, Roman"]
[Black "Zapata, Alonso"]
[Result "1-0"]
[WhiteElo "2485"]
[BlackElo "2470"]

1.Nf3 Nf6 2.c4 g6 3.Nc3 Bg7 4.d4 c5 5.d5 O-O 6.e4 d6 7.Bd3 e5 8.Bg5 h6 9.Bd2 Nh5
10.g3 a6 11.Nh4 Bh3 12.Rg1 Nf4 13.gxf4 Qxh4 14.Qf3 exf4 15.Qxf4 Qxf4 16.Bxf4 Rd8
17.Kd2 Bf8 18.a4 Re8 19.a5 Bc8 20.Rab1 Nd7 21.b4 Ne5 22.Be2 cxb4 23.Rxb4 Bg7
24.Rb6 g5 25.Be3 Nd7 26.Rxd6 Bf8 27.c5 Bxd6 28.cxd6 f5 29.f4 fxe4 30.fxg5 hxg5
31.Rxg5+ Kh7 32.Nxe4 Rxe4 33.Bd3 Nf6 34.Re5 Kg6 35.Bxe4+ Nxe4+ 36.Rxe4 Bf5
37.Re7 Rd8 38.Rxb7 Be4 39.Rb6 Bxd5 40.Rxa6 Kf5 41.h4 Ke6 42.Bf4 Rf8 43.d7+ Kxd7
44.Rd6+ Kc8 45.Rxd5 Rxf4 46.h5  1-0

[Event "New York op"]
[Site "New York"]
[Date "1984.??.??"]
[Round "4"]
[White "Kavalek, Lubomir"]
[Black "Dzindzichashvili, Roman"]
[Result "1/2-1/2"]
[WhiteElo "2545"]
[BlackElo "2485"]

1.e4 g6 2.d4 Bg7 3.c3 d6 4.Bg5 Nf6 5.Nd2 h6 6.Bh4 e5 7.f4 Nbd7 8.Ngf3 Qe7
9.fxe5 dxe5 10.Bd3 g5 11.Bf2 O-O 12.Qe2 exd4 13.cxd4 c5 14.e5 Ng4 15.Qe4 f5
16.Qd5+ Kh8 17.O-O Nxf2 18.Rxf2 g4 19.Ne1 cxd4 20.Nc4 Nb6 21.Qd6 Qxd6 22.Nxd6 Bxe5
23.Nxc8 Raxc8 24.Rxf5 Bf4 25.Nc2 Rxf5 26.Bxf5 Rf8 27.Bd3 Na4 28.Rb1 Kg7 29.g3 Be5
30.Ne1 Kf6 31.Be2 h5 32.Nd3 Bd6 33.Rf1+ Kg5 34.Rxf8 Bxf8 35.h3 Bd6 36.hxg4 hxg4
37.Kg2 Nb6 38.Nf2  1/2-1/2